Fundamentals of physical education /

Bibliographic Details
Other Authors: Hall, J. Tillman
Format: Book
Language:English
Published: Pacific Palisades, Calif. : Goodyear Pub. Co., [1969]
Series:Goodyear physical activities series
Subjects:

MARC

Tag First Indicator Second Indicator Subfields
LEADER 00000cam a2200000 4500
001 in00000078943
005 20151008055149.0
008 690729s1969 caua b 00000 eng
010 |a  69017990  
035 |a (OCoLC)00012891 
035 |9 AAJ2724AM 
037 |c 3.95 
040 |a DLC  |c DLC  |d TXA  |d UtOrBLW 
049 |a TXAM  |c [1536676] 
050 0 0 |a GV343  |b .F95 
082 0 |a 613.7 
245 0 0 |a Fundamentals of physical education /  |c [by] J. Tillman Hall [and others]. 
264 1 |a Pacific Palisades, Calif. :  |b Goodyear Pub. Co.,  |c [1969] 
300 |a 73 pages :  |b illustrations ;  |c 23 cm. 
336 |a text  |b txt  |2 rdacontent 
337 |a unmediated  |b n  |2 rdamedia 
338 |a volume  |b nc  |2 rdacarrier 
490 0 |a Goodyear physical activities series 
504 |a Bibliography: 71-73. 
650 0 |a Physical education and training. 
700 1 |a Hall, J. Tillman. 
999 |a MARS 
999 f f |s 74e1599b-931c-3fae-8330-31c222e8bacb  |i 0d9c4e66-72fe-3b90-9de4-d3070b915528  |t 0 
952 f f |p ric  |a Texas A&M University  |b Rellis Campus  |c Joint Library Facility  |d Remote Storage  |t 0  |e GV343 .F95  |h Library of Congress classification  |i unmediated -- volume  |m A14806115876 
998 f f |a GV343 .F95  |t 0  |l Remote Storage